Fundamentals of communication systems (Record no. 71297)
[ view plain ]
| 000 -LEADER | |
|---|---|
| fixed length control field | 00613nam a22001937a 4500 |
| 003 - CONTROL NUMBER IDENTIFIER | |
| control field | NUST - PNEC |
| 005 - DATE AND TIME OF LATEST TRANSACTION | |
| control field | 20170116181157.0 |
| 008 - FIXED-LENGTH DATA ELEMENTS--GENERAL INFORMATION | |
| fixed length control field | 160118b xxu||||| |||| 00| 0 eng d |
| 020 ## - INTERNATIONAL STANDARD BOOK NUMBER | |
| International Standard Book Number | 9788131705735 |
| 040 ## - CATALOGING SOURCE | |
| Transcribing agency | LIBRARY |
| 082 ## - DEWEY DECIMAL CLASSIFICATION NUMBER | |
| Classification number | 621.382 PRO |
| 100 ## - MAIN ENTRY--PERSONAL NAME | |
| 9 (RLIN) | 16082 |
| Personal name | PROAKIS JOHIN |
| 245 ## - TITLE STATEMENT | |
| Title | Fundamentals of communication systems |
| Statement of responsibility, etc. | JOHIN PROAKIS |
| 260 ## - PUBLICATION, DISTRIBUTION, ETC. | |
| Date of publication, distribution, etc. | c2013. |
| 300 ## - PHYSICAL DESCRIPTION | |
| Extent | 858 p. |
| 650 ## - SUBJECT ADDED ENTRY--TOPICAL TERM | |
| 9 (RLIN) | 16083 |
| Topical term or geographic name entry element | Communication |
| General subdivision | MIS |
| 856 ## - ELECTRONIC LOCATION AND ACCESS | |
| Uniform Resource Identifier | <a href="http://www.amazon.com/Fundamentals-Communication-Systems/dp/B007YTKNUC/ref=sr_1_1?ie=UTF8&qid=1455091662&sr=8-1&keywords=9788131705735">http://www.amazon.com/Fundamentals-Communication-Systems/dp/B007YTKNUC/ref=sr_1_1?ie=UTF8&qid=1455091662&sr=8-1&keywords=9788131705735</a> |
| 942 ## - ADDED ENTRY ELEMENTS (KOHA) | |
| Source of classification or shelving scheme | |
| Koha item type | Book |
| Withdrawn status | Lost status | Source of classification or shelving scheme | Damaged status | Not for loan | Permanent Location | Current Location | Shelving location | Date acquired | Total Checkouts | Full call number | Barcode | Date last seen | Date last checked out | Price effective from | Koha item type | Source of acquisition | Cost, normal purchase price | Cost, replacement price |
|---|---|---|---|---|---|---|---|---|---|---|---|---|---|---|---|---|---|---|
| Pakistan Navy Engineering College (PNEC) | Pakistan Navy Engineering College (PNEC) | 2 | 621.382 PRO | PNECLIB-031808 | 04/28/2016 | 04/28/2016 | Book | |||||||||||
| Pakistan Navy Engineering College (PNEC) | Pakistan Navy Engineering College (PNEC) | 1 | 621.382 PRO | PNECLIB-032663 | 08/18/2016 | 08/18/2016 | Book | ZS Book Agency / Lib Grant | 849.15 | 849.15 | ||||||||
| Pakistan Navy Engineering College (PNEC) | Pakistan Navy Engineering College (PNEC) | 4 | 621.382 PRO | PNECLIB-032664 | 11/23/2016 | 11/04/2016 | Book | ZS Book Agency / Lib Grant | 849.15 | 849.15 | ||||||||
| Pakistan Navy Engineering College (PNEC) | Pakistan Navy Engineering College (PNEC) | 5 | 621.382 PRO | PNECLIB-032492 | 11/30/2016 | 11/30/2016 | Book | ZS Book Agency / Lib Grant | 849.15 | 849.15 | ||||||||
| Pakistan Navy Engineering College (PNEC) | Pakistan Navy Engineering College (PNEC) | 1 | 621.382 PRO | PNECLIB-032137 | 07/28/2016 | 07/28/2016 | Book | Complementary by ZS | 0.00 | 0.00 |
